000 00190nam a2200073Ia 4500
008 170524s9999 xx 000 0 und d
100 _aKUMAR-V
245 0 _aESSENTIALS OF MARKETING RESEARCH
260 _bSINGAPORE: JOHN WILEY
999 _c8546
_d8546